Loading...

Romeo and Juliet

Bibliografiske detaljer
Hovedforfatter: Shakespeare, Willam; Keeble, N H
Format: Printed Book
Udgivet: Beirut York Press 1980
Serier:York Notes
Fag:
LEADER 00490nam a2200157 4500
082 |a 822.33 U4-KEE 
100 |a Shakespeare, Willam; Keeble, N H 
245 |a Romeo and Juliet 
250
260 |a Beirut  |b York Press  |c 1980 
300
490 |a York Notes 
650 |a English drama-- William Shakespeare literature 
942 |c BK 
999 |c 228760  |d 228760 
952 |0 0  |1 0  |4 0  |6 822_330000000000000_U4KEE  |7 0  |9 242893  |a SDE  |b SDE  |d 2019-12-12  |l 0  |o 822.33 U4-KEE  |p SDE8125  |r 2019-12-12  |w 2019-12-12  |y BK